Największe miasta w województwie mazowieckim A-Z - Statystyki

Ogólne statystyki
  • Ten quiz został rozwiązany 12 025 razy
  • Średni wynik to 7 z 20
Statystyki odpowiedzi
# Miasto Populacja % Poprawnych
W Warszawa 1 860 281
98%
R Radom 201 601
83%
P Płock 114 594
72%
S Siedlce 76 357
55%
Ż Żyrardów 39 347
50%
O Ostrołęka 49 805
49%
L Legionowo 53 216
47%
C Ciechanów 42 705
46%
G Grodzisk Mazowiecki 33 708
37%
M Marki 42 252
37%
N Nowy Dwór Mazowiecki 28 651
33%
Z Ząbki 43 740
29%
Ł Łomianki 18 124
26%
H Halinów 3 740
15%
J Józefów 21 035
15%
T Tłuszcz 8 039
15%
B Brwinów 14 448
13%
I Iłża 4 478
12%
K Kobyłka 27 185
12%
D Drobin 2 711
6%
Nie znaleziono quizów pasujących do podanych kryteriów
Rozkład punktacji
Procent ludzi z każdym wynikiem
Percentyl według liczby udzielonych odpowiedzi
Twoja historia wyników
Nie rozwiązałeś tego quizu